Bases para el desarrollo de un sistema de información del programa de salud comunitaria
Сохранить в:
| Главный автор: | |
|---|---|
| Другие авторы: | |
| Формат: | |
| Опубликовано: |
[San José , Costa Rica]
1986
|
| Предметы: | |
| Метки: |
Добавить метку
Нет меток, Требуется 1-ая метка записи!
|
MARC
| LEADER | 00000nam a2200000Ia 4500 | ||
|---|---|---|---|
| 003 | 007700 | ||
| 005 | 20221231144311.0 | ||
| 008 | 140114s1986 cr a m 000 ||s d | ||
| 040 | |c cru CEDI | ||
| 090 | |a TFG 2945 | ||
| 100 | |a Alvarez Morales, Norma |9 11781 | ||
| 245 | |a Bases para el desarrollo de un sistema de información del programa de salud comunitaria | ||
| 260 | |c 1986 |a [San José , Costa Rica] | ||
| 300 | |a 2 Volúmenes | ||
| 500 | |a Proyecto de graduación (bachiller en ingeniería industrial)--Universidad de Costa Rica. Facultad de Ingeniería. Escuela de Ingeniería Industrial | ||
| 650 | |x CALIDAD DEL SERVICIO |x ATENCION PRIMARIA DE SALUD - COSTA RICA |9 11782 | ||
| 700 | |9 11679 |a Ramírez Ruíz, Isabel C. | ||
| 942 | |c TFG | ||
| 999 | |c 19793 |d 19793 | ||
